សុវុឌ្ឍិកម្មព្រៃគុប ឆ្នាំ ១៩៨៧​ អនុតំបន់ ១៧នៅស្រុកស្នួល ខេត្តក្រចេះ (Record no. 2968)

000 -LEADER
fixed length control field 00572nam a22001577a 4500
003 - CONTROL NUMBER IDENTIFIER
control field OSt
005 - DATE AND TIME OF LATEST TRANSACTION
control field 20151102140709.0
008 - FIXED-LENGTH DATA ELEMENTS--GENERAL INFORMATION
fixed length control field 151102b xxu||||| |||| 00| 0 eng d
040 ## - CATALOGING SOURCE
Transcribing agency RUA
082 ## - DEWEY DECIMAL CLASSIFICATION NUMBER
Classification number FOR យ៉ែម 1991 B116 Or.1
100 ## - MAIN ENTRY--PERSONAL NAME
9 (RLIN) 3180
Personal name យ៉ែម សុខន
245 ## - TITLE STATEMENT
Title សុវុឌ្ឍិកម្មព្រៃគុប ឆ្នាំ ១៩៨៧​ អនុតំបន់ ១៧នៅស្រុកស្នួល ខេត្តក្រចេះ
260 ## - PUBLICATION, DISTRIBUTION, ETC. (IMPRINT)
Place of publication, distribution, etc. Phnom Penh
Name of publisher, distributor, etc. RUA
Date of publication, distribution, etc. 1991
300 ## - PHYSICAL DESCRIPTION
Extent 91p.
Other physical details ill.
Dimensions 29cm.
942 ## - ADDED ENTRY ELEMENTS (KOHA)
Source of classification or shelving scheme
Koha item type FIS
Holdings
Price effective from Date last seen Permanent Location Not for loan Date acquired Source of classification or shelving scheme Koha item type Barcode Lost status Damaged status Shelving location Withdrawn status Current Location Full call number
2015-11-022015-11-02Library Block B 2015-11-02 FISRUA026152  B116 Library Block BFOR យ៉ែម 1991 B116 Or.1
2015-11-022015-11-02Library Block B 2015-11-02 FISRUA026934  B116 Library Block BFOR យ៉ែម 1991 B116 Or.2
2015-11-022015-11-02Library Block B 2015-11-02 FISRUA026574  B116 Library Block BFOR យ៉ែម 1991 B116 Or.3
2015-11-022015-11-02Library Block B 2015-11-02 FISRUA026110  B116 Library Block BFOR យ៉ែម 1991 B116 Or.4
មជ្ឈមណ្ឌលឯការនៃសាកលវិទ្យាល័យភូមិន្ទកសិកម្មចំការដូង

Powered by Koha